000 00864cam a2200277 4500
005 20131010103254.0
008 711007s1971 nyu b 001 0 eng
020 _a3211809953
020 _a0387809953
035 _a(NNC)866993
041 0 _aeng
080 _a164.1
100 1 _aRescher, Nicholas.
245 1 0 _aTemporal logic /
_c Nicholas Rescher and Alasdair Urquhart.
260 _aNew York :
_bSpringer-Verlag ;
_c1971.
300 _axviii, 273 f. :
_c24 cm.
490 1 _aLibrary of exact philosophy ;
_v3
500 _aGeneral Preface to the LEP/ Mario Bunge f. : [IX]
500 _aPreface f. : [XI] - XII
504 _aBibliography: p. [259]-267.
650 0 _aLogjika simbolike dhe matematike
650 0 _aModelet matematike
700 1 _aUrquhart, Alasdair,
_eauthor.
830 0 _aLibrary of exact philosophy ;
_v3.
942 _2udc
_cBK
999 _c98
_d98